<?xml version="1.0" encoding="UTF-8"?>
<record
    xmlns:xsi="http://www.w3.org/2001/XMLSchema-instance"
    xsi:schemaLocation="http://www.loc.gov/MARC21/slim http://www.loc.gov/standards/marcxml/schema/MARC21slim.xsd"
    xmlns="http://www.loc.gov/MARC21/slim">

  <leader>00616nam a2200193 i 4500</leader>
  <controlfield tag="001">C00023140c</controlfield>
  <controlfield tag="005">20241029144028.0</controlfield>
  <controlfield tag="008">961127s1931    sp            001 0 spa d</controlfield>
  <datafield tag="080" ind1=" " ind2=" ">
    <subfield code="a">929:7.071(460.31)</subfield>
  </datafield>
  <datafield tag="100" ind1="1" ind2=" ">
    <subfield code="a">Esp&#xED;n Rael, Joaqu&#xED;n.</subfield>
    <subfield code="9">15807</subfield>
  </datafield>
  <datafield tag="245" ind1="1" ind2="0">
    <subfield code="a">Artistas y art&#xED;fices levantinos / </subfield>
    <subfield code="c">libro compuesto por Joaqu&#xED;n Esp&#xED;n Rael.</subfield>
  </datafield>
  <datafield tag="260" ind1=" " ind2=" ">
    <subfield code="a">[Lorca] : </subfield>
    <subfield code="b">La Tarde de Lorca, </subfield>
    <subfield code="c">imp. 1931.</subfield>
  </datafield>
  <datafield tag="300" ind1=" " ind2=" ">
    <subfield code="a">445 p. ; </subfield>
    <subfield code="c">22 cm.</subfield>
  </datafield>
  <datafield tag="500" ind1=" " ind2=" ">
    <subfield code="a">Legado Lafuente Ferrari.</subfield>
  </datafield>
  <datafield tag="650" ind1="1" ind2="4">
    <subfield code="a">Artistas Espa&#xF1;oles-</subfield>
    <subfield code="z">Espa&#xF1;a-</subfield>
    <subfield code="z">Levante-</subfield>
    <subfield code="v">Biograf&#xED;as.</subfield>
    <subfield code="9">86767</subfield>
  </datafield>
  <datafield tag="852" ind1="4" ind2="2">
    <subfield code="j">LF-3814</subfield>
  </datafield>
  <datafield tag="952" ind1=" " ind2=" ">
    <subfield code="0">0</subfield>
    <subfield code="1">0</subfield>
    <subfield code="4">0</subfield>
    <subfield code="7">0</subfield>
    <subfield code="8">NOR</subfield>
    <subfield code="a">RABASF</subfield>
    <subfield code="b">RABASF</subfield>
    <subfield code="c">LF</subfield>
    <subfield code="d">1996-11-27</subfield>
    <subfield code="e">D</subfield>
    <subfield code="l">0</subfield>
    <subfield code="o">LF-3814</subfield>
    <subfield code="p">1024624</subfield>
    <subfield code="r">2024-10-15 09:19:06</subfield>
    <subfield code="w">2024-10-15</subfield>
    <subfield code="y">FONDOMODER</subfield>
  </datafield>
  <datafield tag="999" ind1=" " ind2=" ">
    <subfield code="c">22650</subfield>
    <subfield code="d">22650</subfield>
  </datafield>
</record>
